Logo BPK

Biblioteka

Politechniki Koszalińskiej

Zapory ziemne / (Rekord nr 25686)

Szczegóły MARC
000 -ETYKIETA REKORDU
podpole kontrolne o stałej długości 02010nam a2200541 i 4500
001 - NUMER KONTROLNY REKORDU
pole kontrolne 25686
003 - IDENTYFIKATOR NUMERU KONTROLNEGO REKORDU
podpole kontrolne KOSZ 005
005 - DATA OSTATNIEJ MODYFIKACJI REKORDU
podpole kontrolne 20200708092958.0
008 - POLE O STAŁEJ DŁUGOŚCI - DANE KONTROLNE
podpole kontrolne o stałej długości 200426s1973 pl a f 001 0 pol
015 ## - NUMER BIBLIOGRAFII NARODOWEJ
Numer bibliografii narodowej UWD 1974/4276
035 ## - NUMER SYSTEMOWY
Numer systemowy przejętego rekordu 991030115769705066
035 ## - NUMER SYSTEMOWY
Numer systemowy przejętego rekordu (PL-WaBN)b18123259-48omnis_nlop
035 ## - NUMER SYSTEMOWY
Numer systemowy przejętego rekordu b18123259
035 ## - NUMER SYSTEMOWY
Numer systemowy przejętego rekordu (OCoLC)749405715
035 ## - NUMER SYSTEMOWY
Numer systemowy przejętego rekordu (PL)b0000001812325
035 ## - NUMER SYSTEMOWY
Numer systemowy przejętego rekordu (EXLNZ-48OMNIS_NETWORK)9910288641805606
040 ## - ŹRÓDŁO KATALOGOWANIA
Instytucja, która sporządziła opis WA N
Instytucja, która utworzyła rekord WA N
Instytucja, która dokonała modyfikacji KOSZ 005/RW
046 ## - DATY KODOWANE
Pojedyncza data lub początek okresu powstania dzieła lub zbioru dzieł 1973
080 ## - UNIWERSALNA KLASYFIKACJA DZIESIĘTNA - UKD
UKD 627.8
080 ## - UNIWERSALNA KLASYFIKACJA DZIESIĘTNA - UKD
UKD 624.1
080 ## - UNIWERSALNA KLASYFIKACJA DZIESIĘTNA - UKD
UKD (075.8)
245 00 - TYTUŁ/ODPOWIEDZIALNOŚĆ
Tytuł Zapory ziemne /
Pozostałe elementy strefy tytułu i oznaczenia odpowiedzialności [autorzy Kazimierz Czyżewski et al.].
260 ## - STREFA ADRESU WYDAWNICZEGO
Miejsce wydania Warszawa :
Nazwa wydawcy/dystrybutora "Arkady",
Data publikacji, dystrybucji/powstania dokumentu 1973.
300 ## - STREFA OPISU FIZYCZNEGO
Objętość 443, [1] strony :
Inne cechy fizyczne ilustracje, wykresy ;
Rozmiary 25 cm.
336 ## - TYP ZAWARTOŚCI
Termin opisujący typ zawartości Tekst
Kod określający zawartość txt
Źródło (terminu i kodu) rdacontent
337 ## - TYP MEDIÓW
Tryb odtwarzania Bez urządzenia pośredniczącego
Kod typu mediów n
Źródło (terminu i kodu) rdamedia
338 ## - TYP/RODZAJ NOŚNIKA
Hasło opisujące typ nośnika Wolumin
Kod typu nośnika nc
Źródło (terminu i kodu) rdacarrier
380 ## - FORMA I TYP PUBLIKACJI
Forma i typ publikacji Książki
380 ## - FORMA I TYP PUBLIKACJI
Forma i typ publikacji Publikacje fachowe
380 ## - FORMA I TYP PUBLIKACJI
Forma i typ publikacji Publikacje dydaktyczne
388 ## - CZAS POWSTANIA
Czas powstania 1901-2000
388 ## - CZAS POWSTANIA
Czas powstania 1945-1989
504 ## - UWAGA DOTYCZĄCA BIBLIOGRAFII
Informacje o bibliografii Bibliografia przy rozdziałach. Indeks.
521 8# - UWAGA DOTYCZĄCA PRZEZNACZENIA CZYTELNICZEGO
Przeznaczenie czytelnicze Książka jest podręcznikiem dla studentów wydziałów melioracji wyższych uczelni rolniczych, może być ponadto wykorzystana przez inżynierów i techników melioracji wodnych oraz budownictwa wodnego.
650 #7 - HASŁO PRZEDMIOTOWE W FORMIE NAZWY OGÓLNEJ LUB JEDNOSTKOWEJ
Nazwa ogólna lub geograficzna Nasyp (budowla)
Źródło hasła lub terminu DBN
650 #7 - HASŁO PRZEDMIOTOWE W FORMIE NAZWY OGÓLNEJ LUB JEDNOSTKOWEJ
Nazwa ogólna lub geograficzna Wały przeciwpowodziowe
Źródło hasła lub terminu DBN
655 #7 - TERMIN INDEKSOWY - OKREŚLENIE RODZAJU/FORMY DOKUMENTU
Określenie rodzaju/formy dokumentu Podręczniki akademickie
655 #7 - TERMIN INDEKSOWY - OKREŚLENIE RODZAJU/FORMY DOKUMENTU
Określenie rodzaju/formy dokumentu Praca zbiorowa
658 ## - TERMIN INDEKSOWY - PRZEDMIOT PROGRAMU NAUCZANIA
Główny przedmiot programu nauczania Architektura i budownictwo
700 1# - HASŁO DODATKOWE - NAZWA OSOBOWA
Nazwa osobowa Czyżewski, Kazimierz
Daty związane z nazwą (1921-1982)
Określenie związku między hasłem a opisywanym materiałem Autor
700 1# - HASŁO DODATKOWE - NAZWA OSOBOWA
Nazwa osobowa Wolski, Wojciech
Daty związane z nazwą (1930- )
Określenie związku między hasłem a opisywanym materiałem Autor
700 1# - HASŁO DODATKOWE - NAZWA OSOBOWA
Nazwa osobowa Wójcicki, Stanisław
Daty związane z nazwą (1922-2009)
Określenie związku między hasłem a opisywanym materiałem Autor
700 1# - HASŁO DODATKOWE - NAZWA OSOBOWA
Nazwa osobowa Żbikowski, Armand
Daty związane z nazwą (1910-1995)
Określenie związku między hasłem a opisywanym materiałem Autor
710 2# - HASŁO DODATKOWE - NAZWA CIAŁA ZBIOROWEGO
Nazwa ciała zbiorowego lub jednostki geograficznej Wydawnictwo Arkady
Kod określenia powiązania pbl
856 ## - LOKALIZACJA I DOSTĘP DO ELEKTRONICZNYCH DOKUMENTÓW ZDALNYCH
Link (URL) http://koha.tu.koszalin.pl/cgi-bin/koha/opac-detail.pl?biblionumber=25686
Tekst linku Katalog online BPK
942 ## - DODATKOWE ELEMENTY (KOHA)
Schemat klasyfikacji Uniwersalna Klasyfikacja Dziesiętna
Typ dokumentu Książka
Egzemplarze
Wycofany Status egzemplarza Uszkodzony Dostępność Lokalizacja stała Lokalizacja bieżąca Miejsce przechowywania Sygnatura Kod kreskowy Typ dokumentu
      Dostępny Biblioteka Politechniki Koszalińskiej Biblioteka Politechniki Koszalińskiej Wypożyczalnia BG 16605 01390834 Książka
      Dostępny Biblioteka Politechniki Koszalińskiej Biblioteka Politechniki Koszalińskiej Wypożyczalnia BG 16606 01737059 Książka
© 2023 Biblioteka Politechniki Koszalińskiej :: KOHA